000 00651nam a2200229Ia 4500
005 20250508165442.0
008 008 250505s9999 xx 000 0 eng d
020 _a978-93-84004-31-6
037 _aTextual
040 _aFEDL
_beng
_cFEDL
041 _aeng
_2eng
084 _a001.640 7, MAN
_qFEDL
100 _aManjit Singh
245 0 _aTeaching of computer science
260 _aLudhiana, India
_bVijay Publications
300 _a248p.
365 _aINR
_b190
546 _aSpecimen copy gifted by Vijay Publications
700 _a Tondon Ramma
_9780910
942 _cTEXL
_h001.640 7, MAN
999 _c1395176
_d1395176